000 01053pamaa22003011i 4500
003 EG-GICUC
005 20260628112237.0
008 921006s1993 nyua jrb 000 0 eng
020 _a0471517968
020 _a9780471517962
040 _aEG-GICUC
_cEG-GICUC
_dEG-GICUC
_beng
050 0 0 _a620.0042
_bEr88
082 0 0 _a620.0042
_220
_bEr88
092 0 4 _221
_a620.0042
_bEr88
099 _a620.0042 Er88
100 1 _aErtas, Atila,
_d1944-
_eAuthor.
245 1 4 _aThe engineering design process /
_cAtila Ertas, Jesse C. Jones.
260 _aNew York :
_bWiley,
_cc1993.
264 _aNew York :
_bWiley,
_cc1993.
300 _axiv, 525 page. :
_billustration. ;
_c26 cm.
504 _aIncludes bibliographical references and index.
650 0 _aEngineering design.
700 1 _aJones, Jesse C.
856 4 2 _3Publisher description
_uhttp://www.loc.gov/catdir/enhancements/fy0607/92034615-d.html
856 4 1 _3Table of contents only
_uhttp://www.loc.gov/catdir/enhancements/fy0607/92034615-t.html
905 _aHany
942 _2ddc
_cBK
_e21
_n0
999 _c180629
_d180629